00220 a2200085 4500082001700000100001700017245003700034260004400071300001900115 a891.4391 ANS aAnsari, Abid aSukhan Sukhan SurajcAbid Ansari aLahore :bSuraj Publishing Beauroc1994 a127p. ;c24 cm